Les antiphonaires d'Estavayer-le-Lac /
Obra donde se presentan nueve pinturas del siglo XV inspiradas en los cantos y rezos previos y posteriores a los salmos (antífonas), de los libros antifonarios del colegio de Berna, de la iglesia de Saint Laurent, ubicada en la ciudad de Lulliy Estavayer-le-Lac, Suiza. Falta la pintura número ocho,...
-д хадгалсан:
| Үндсэн зохиолч: | |
|---|---|
| Формат: | Ном |
| Хэл сонгох: | франц |
| Цуврал: | (Les Trésors de la Peinture Suisse ;
2) |
| Нөхцлүүд: | |
| Шошгууд: |
Шошго байхгүй, Энэхүү баримтыг шошголох эхний хүн болох!
|
MARC
| LEADER | 00000nam^a2200000^a^4500 | ||
|---|---|---|---|
| 001 | 000186712 | ||
| 005 | 20250526000000.0 | ||
| 009 | 20260310102236.72 | ||
| 037 | |a Acervo ITESO - Biblioteca | ||
| 041 | |a FRA | ||
| 082 | |a 759. 949454 |b MAN | ||
| 100 | |a Mandach, Conrad de |e (autor) | ||
| 245 | 1 | 4 | |a Les antiphonaires d'Estavayer-le-Lac / |c C. de Mandach. |
| 264 | |a Ginebra, Suiza : |b Skira, |c 1943 | ||
| 300 | |a 1 folleto ([4] p., 9 láminas) ; |c 39.0 cm. | ||
| 336 | |a texto |b txt |2 rdacontenido | ||
| 337 | |a sin mediación |b n |2 rdamedio | ||
| 338 | |a volumen |b nc |2 rdasoporte | ||
| 440 | 5 | |a (Les Trésors de la Peinture Suisse ; |v 2) | |
| 520 | |a Obra donde se presentan nueve pinturas del siglo XV inspiradas en los cantos y rezos previos y posteriores a los salmos (antífonas), de los libros antifonarios del colegio de Berna, de la iglesia de Saint Laurent, ubicada en la ciudad de Lulliy Estavayer-le-Lac, Suiza. Falta la pintura número ocho, correspondiente a la resurrección de Cristo. | ||
| 649 | |a XX | ||
| 650 | |a Pintura Religiosa - |z Suiza - |x Historia y Crítica - |x Tema Principal | ||
| 650 | |a Pintura Gótica - |x Historia y Crítica | ||
| 650 | |a Pintura Suiza - |x Historia y Crítica | ||
| 650 | |a Arte Religioso - |z Suiza - |x Historia y Crítica | ||
| 650 | |a Arte Gótico - |x Historia y Crítica | ||
| 650 | |a Arte Suizo - |x Historia y Crítica | ||
| 650 | |a Liturgia | ||
| 650 | |a Libros Sagrados | ||
| 650 | |a Arte y Religión | ||
| 910 | |a Fondo Julio de la Peña Lomelín | ||
| 920 | |a Impresos - Libros | ||
| 930 | |a Libros Antiguos y Raros | ||
| 940 | |a Arquitectos Jaliscienses | ||
| 905 | |a 108 | ||
| 901 | |a 0500128497 |b IT2 |c LRA |u 20250526 | ||
| 902 | |a https://opac.biblio.iteso.mx/vufind/Record/000186712 | ||